000 01366cam a22003617a 4500
003 CHAP
005 20220329142646.0
008 020814d2002 mx r 00110 spa d
010 _a86094
011 _a87066
035 _a97607
040 _cCHAP
090 _aTesis
100 0 0 _aGarcía Hernández, Milton Eduardo.
_946133
245 1 0 _aComportamiento productivo y calidad del cascarón de gallinas alimentadas con diferentes niveles de calcio en la dieta
_c/por Milton Eduardo García Hernández y María Magdalena Cruz Gómez
260 _aChapingo, Méx. :
_bEl autor,
_c2002.
300 _a60 h. :
_bgráfs.
502 _aTesis (Ing. Agr. Esp. en Zootecnia) -- UACH. Departamento de Zootecnia
590 _aALEPH
_b10
_c20130110
_lUCH01
_h1448
590 _aBATCH-UPD
_b10
_c20130110
_lUCH01
_h0727
590 _aBATCH-UPD
_b10
_c20130410
_lUCH01
_h0411
590 _aBATCH-UPD
_b10
_c20130914
_lUCH01
_h0929
590 _aCONVERSION
_b10
_c20130109
_lUCH01
_h1348
650 1 4 _aCalcio en nutrición animal.
_917340
650 1 4 _aGallinas
_xNutrición.
_944443
650 1 4 _aHuevos
_xCalidad.
_956742
700 0 0 _aCruz Gómez, María Magdalena.
_929411
901 _aBK
905 _aMayto Villalobos S.
942 _cFOLL
949 _aTesis
_bBC
_cTES
_d33724000849766
_eTS2
_fc.2
_h39576
_i97607
_sb
949 _aTesis
_bBC
_cTES
_d97607123
_eTS1
_h39575
_i97607
_sb
999 _c86094
_d86094